1598 1015 1743 1179 1319 1996 1192 1441 1093 1217 1850 1155 1705 1515 1328 1435 1914 1152 1915 1147 1553 1567 1930 1510 1632 1097 1370 1300 1038 1943 1919 1293 1829 1489 1778 1977 1779 1076 1552 1731 1314 1666 1081 1759 1781 1488 1079 1532 1226 1651 1657 1335 1171 1144 1999 1908 1704 1997 1540 1907 1457 1019 1174 1445 1573 1404 1723 1666 1151 1618 1687 1461 1098 1176 1213 1959 1477 1206 1529 1051 1747 1331 1195 1364 1809 1496 1507 1886 1415 1244 1144 1297 1180 1272 1155 1811 1780 1371 1140 BCNSPRNW ULIB Ver.6.0+V

เปลี่ยนเป็นภาษาไทย

Change to English
 แสดงรายละเอียดบรรณานุกรม
  กลับหน้าหลัก

Brief Record : Get Marc (ISO 2709) : E-mail record : QR code < ปิดหน้าต่าง
LEADER : 00000nam 2200000uu 4500
001    13399108215
003     ULIB
008    110221s2543||||th 000 0 tha d
020    9746573349
060 04 WY157.6^bม293ก 2543
100 0  มรรยาท ณ นคร
245 10 การพยาบาลผู้ป่วยกระดูกหักที่ได้รับการยึดตรึงด้วยวัสดุภายในร่างกาย /^cมรรยาท ณ นคร
250    พิมพ์ครั้งที่ 1
260    เชียงใหม่ :^bโครงการตำรา คณะพยาบาลศาสตร์มหาวิทยาลัยเชียงใหม่,^c2543
300    ก-ณ, 165 หน้า :^bภาพประกอบ ;^c27 ซม.
650  7 การตรึงกระดูกหัก
650  7 กระดูกหัก^xการพยาบาล
650  7 กระดูกหักแบบเปิด
650  7 การพยาบาลออร์โธปิดิคส์
710 2  มหาวิทยาลัยเชียงใหม่. ^bคณะพยาบาลศาสตร์
945    ^p130^l0^i013206
945    ^p130^l0^i013115
945    ^p130^l0^i013113
945    ^p130^l0^i013114
945    ^p130^l0^i023250
995    เกษร
999    ^aใช้งานได้ทุกระบบ
รายการนี้ยังไม่มีแท็ก
คุณยังไม่ได้ล็อกอิน คุณสามารถมีกิจกรรมร่วมกับเว็บไซต์ได้ แต่ต้องล็อกอินก่อน ::
  ล็อกอิน

รายการสื่อสารสนเทศ

ลำดับที่ ประเภท เลขเรียก/บาร์โค้ด สถานที่ สถานะ
- ไม่พบข้อมูล -

รายการใกล้เคียง
    ผู้แต่ง [มรรยาท ณ นคร]

    หัวเรื่อง [การตรึงกระดูกหัก]
    หัวเรื่อง [กระดูกหักแบบเปิด]
    หัวเรื่อง [การพยาบาลออร์โธปิดิคส์]

BibComment


ยังไม่เคยถูกคอมเมนท์

คอมเมนท์ทรัพยากรรายการนี้
  คอมเมนท์: การพยาบาลผู้ป่วยก..


 Copyright 2026. Bcnsprnw @Library